| 000 | 00897nam a22002417a 4500 | ||
|---|---|---|---|
| 999 |
_c62147 _d62147 |
||
| 005 | 20240723154529.0 | ||
| 008 | 240723s2022 ge ||||| |||| 00| 0 ger d | ||
| 020 | _a9783823394839X | ||
| 041 | _ager | ||
| 080 | _a81'1W-77 | ||
| 245 |
_a Wissenschaftliches Arbeiten in der Linguistik / _cBjörn Rothstein, Linda Stark, Anica Betz, Caroline Schuttkowski |
||
| 250 | _a2nd ed View all formats and editions | ||
| 264 |
_aTübingen, _bNarr Francke Attempto, _c2022. |
||
| 300 |
_a201 p.: _b24 cm. |
||
| 653 | _aWissenschaftliches Arbeiten in der Linguistik | ||
| 653 | _aენათმეცნიერება | ||
| 700 |
_aRothstein, Björn _eავტორი _922909 |
||
| 700 |
_aStark, Linda _eავტორი _922910 |
||
| 700 |
_a Betz, Anica _922911 |
||
| 700 |
_aავტორი _922913 |
||
| 700 |
_a Schuttkowski, Caroline _eავტორი _922912 |
||
| 942 |
_2udc _cBK |
||